000 00968cam a22002651 4500
999 _c7196
_d7196
001 7196
003 BD-JhCC
005 20180422184208.0
008 711130s1964 enk b 000 0 eng
035 _a(BD-JhCC)7196
035 _a(OCoLC)176740
040 _aDLC
_cODaWU
_dOCoLC
_dUk
_dDLC
_d(BD-JhCC)
041 _aeng
050 0 0 _aLA634
_b.W52
082 _bWIL 1964
_a373.2240941
100 1 _aWilkinson, Rupert.
245 1 4 _aThe prefects :
_bBritish leadership and the public school tradition a comparative study in the making of rulers.
_cRupert Wilkinson,
260 _aLondon,
_aNew York,
_bOxford University Press,
_c1964.
300 _axv, 243 p.
_c23 cm.
500 _a"An undergraduate honours thesis presented to the Government Department, Harvard University, in the spring of 1961."
504 _aBibliography: p. 231-237.
650 0 _aEndowed public schools (Great Britain)
651 0 _aGreat Britain
_xOfficials and employees.
942 _2ddc
_cBK